Women divided : (Record no. 3353)

MARC details
000 -LEADER
fixed length control field 01354cam a2200337 a 4500
001 - CONTROL NUMBER
control field 692854
003 - CONTROL NUMBER IDENTIFIER
control field OSt
005 - DATE AND TIME OF LATEST TRANSACTION
control field 20160330185913.0
008 - FIXED-LENGTH DATA ELEMENTS--GENERAL INFORMATION
fixed length control field 961030s1997 enkb b 001 0 eng
010 ## - LIBRARY OF CONGRESS CONTROL NUMBER
LC control number 96048678
020 ## - INTERNATIONAL STANDARD BOOK NUMBER
International Standard Book Number 0415137659 (cloth)
020 ## - INTERNATIONAL STANDARD BOOK NUMBER
International Standard Book Number 0415137667 (paper)
040 ## - CATALOGING SOURCE
Original cataloging agency DLC
Transcribing agency DLC
Modifying agency DLC
043 ## - GEOGRAPHIC AREA CODE
Geographic area code e-uk-ni
050 00 - LIBRARY OF CONGRESS CALL NUMBER
Classification number HQ1236.5.G7
Item number S25 1997
082 00 - DEWEY DECIMAL CLASSIFICATION NUMBER
Classification number 305.42
Edition number 21
Item number SAL 1997
100 1# - MAIN ENTRY--PERSONAL NAME
Personal name Sales, Rosemary,
Dates associated with a name 1947-
9 (RLIN) 7500
245 10 - TITLE STATEMENT
Title Women divided :
Remainder of title gender, religion, and politics in Northern Ireland /
Statement of responsibility, etc. Rosemary Sales.
260 ## - PUBLICATION, DISTRIBUTION, ETC. (IMPRINT)
Place of publication, distribution, etc. London ;
-- New York :
Name of publisher, distributor, etc. Routledge,
Date of publication, distribution, etc. 1997.
300 ## - PHYSICAL DESCRIPTION
Extent xiv, 236 p. :
Other physical details maps ;
Dimensions 25 cm.
440 #0 - SERIES STATEMENT/ADDED ENTRY--TITLE
Title International studies of women and place
9 (RLIN) 7501
504 ## - BIBLIOGRAPHY, ETC. NOTE
Bibliography, etc Includes bibliographical references (p. 215-227) and index.
650 #0 - SUBJECT ADDED ENTRY--TOPICAL TERM
Topical term or geographic name as entry element Women
General subdivision Political activity
Geographic subdivision Northern Ireland.
9 (RLIN) 7502
650 #0 - SUBJECT ADDED ENTRY--TOPICAL TERM
Topical term or geographic name as entry element Women
Geographic subdivision Northern Ireland
General subdivision Social conditions.
9 (RLIN) 7503
650 #0 - SUBJECT ADDED ENTRY--TOPICAL TERM
Topical term or geographic name as entry element Religion and politics
Geographic subdivision Northern Ireland.
9 (RLIN) 7504
651 #0 - SUBJECT ADDED ENTRY--GEOGRAPHIC NAME
Geographic name Northern Ireland
General subdivision Politics and government.
9 (RLIN) 7505
856 42 - ELECTRONIC LOCATION AND ACCESS
Materials specified Publisher description
Uniform Resource Identifier http://www.loc.gov/catdir/enhancements/fy0649/96048678-d.html
906 ## - LOCAL DATA ELEMENT F, LDF (RLIN)
a 7
b cbc
c orignew
d 1
e ocip
f 19
g y-gencatlg
942 ## - ADDED ENTRY ELEMENTS (KOHA)
Source of classification or shelving scheme Dewey Decimal Classification
Koha item type Short Loan
Holdings
Withdrawn status Lost status Source of classification or shelving scheme Damaged status Not for loan Home library Current library Date acquired Inventory number Total Checkouts Full call number Barcode Date last seen Price effective from Koha item type Source of acquisition
    Dewey Decimal Classification     MUST Main Library MUST Main Library 30/03/2016 2005/23555   305.42 SAL 1997 2016-0559 30/03/2016 30/03/2016 Short Loan  
    Dewey Decimal Classification     MUST Main Library MUST Main Library 04/07/2024 04/22714   305.42 SAL 1997 2024-21756 04/07/2024 04/07/2024 Open Shelf Purchase